Statystyki dla Rozpoznaj rapera po fragmencie tekstu.

Kliknij tutaj aby rozwiązać quiz!

Ogólne statystyki

  • Ten quiz został rozwiązany 1 068 razy
  • Średni wynik to 3 z 7

Statystyki odpowiedzi

TekstRaper% Poprawnych
"Bo jestem biały i młody!"Bedoes
90%
"Chciałbym znowu jeździć ZTM-em. Gonią mnie koszmary, nie kanarzy"Taco Hemingway
71%
"W moim rodzinnym domu obok Płońskiej 6. Tym samym domu, gdzie widzę się rzadko. Tu, gdzie chowałem strach za wersalką"Quebonafide
66%
"W 95` tu przyszedłem, czyli w czasach, gdy twój idol zmienił progres na regres"ReTo
52%
"Kupię Ci kebaba jeżeli nie umrę"Zeamsone
19%
"Niektórzy wierzą w Boga, niektórzy wierzą w układ"Solar
9%
"Skarbie nie musisz się bać, każdy chce zmotać te forsę, a co drugi kiedyś tu uczył się kraść"Beteo
6%

Rozkład punktacji

Percentyl według liczby udzielonych odpowiedzi

Procent ludzi z każdym wynikiem

Twoja historia wyników

Nie rozwiązałeś tego quizu